| 000 | 00401nam a2200157Ia 4500 | ||
|---|---|---|---|
| 008 | 230312s9999||||xx |||||||||||||| ||und|| | ||
| 020 | _a0-07-460024-9 | ||
| 082 |
_a621.38804 _bBAL-C |
||
| 100 | _aBali,S.P | ||
| 245 | 0 | _aColour Television | |
| 260 |
_bMcGraw Hill _aIndia _c2007 |
||
| 300 | _a483 | ||
| 546 | _aEng. | ||
| 650 |
_aEngineering _vElements of Colour,Composite Colour Signal |
||
| 942 | _cBK | ||
| 999 |
_c1169 _d1169 |
||